Sanat: "Dirlandaa" - Kai Hyttinen - Statistics

Yleistilastot
  • Tätä visaa on pelattu 154 kertaa
  • Keskiarvotulos 235 / 322
Vastaustilastot
Sanat % Oikein
dirlan
98%
Dirlan
98%
(Daa
96%
daa)
96%
daa
96%
On
91%
on!
91%
on
91%
Ja
88%
muodot
85%
sulla
85%
Venuksen
84%
77%
Et
63%
et
63%
lii
63%
lantees
61%
marmoria,
61%
ole
61%
Ei
59%
Kun
59%
kun
59%
liikkuu
58%
keinuen
57%
voitat
55%
Mies
54%
mies
54%
veistokset
54%
miesten
51%
Rhodoksen
51%
kääntyy
50%
päät
50%
satamassa
50%
Se
50%
alkaa
47%
darlan
47%
laa
47%
siksi
46%
lanteiden
45%
noiden
44%
vertaa
44%
dii
41%
Dii
41%
Sua
41%
En
39%
kuljet,
39%
lähdin
38%
silloin
38%
lardan
37%
Lardan
37%
Lirdan
37%
lirdan
37%
seuraamaan
37%
tähän
37%
yöksi
37%
dirlandaa
36%
jään
36%
laulan
36%
lauloin
36%
päätin:
35%
ouzo
33%
paikkaan
33%
pehmeään
33%
yskittää!
33%
tiedä
32%
Näy
31%
minne
30%
Vain
30%
eilen
29%
jouduinkaan
29%
kaaduin
28%
luonnollista
28%
saa!
28%
aivan
26%
lankeaa
25%
hurjimman
24%
kapinoi
24%
vastaan
24%
loi
23%
luonnostansa
23%
Sain
23%
suukon
23%
vallan
23%
Afrodite
22%
hullu
22%
mun
22%
Mun
22%
tunsin
22%
kuulla
21%
laineen
21%
laulavan
21%
lemmen
21%
auringon
20%
meille
20%
tullut
20%
alla
19%
kuuman
19%
Näin
19%
siihen
19%
toinen
19%
vuoro
19%
luonto
18%
paikallani
15%
kukaties
14%
huomenna
13%
mukaudun
12%
suostun,
12%
Ehtoja vastaavia visoja ei löytynyt
Tulosjakauma
Jokaisen tuloksen saaneiden osuus
Persentiili vastausten määrän mukaan
Tuloshistoriasi
Et ole pelannut tätä visaa